supernatural quiz - Statistics

General Stats
  • This quiz has been taken 680 times
  • The average score is 11 of 15
Answer Stats
Hint Answer % Correct
last name of dean and sam winchester
100%
fathers name john
99%
angel searching for god castiel
98%
sam is the true vessel for who lucifer
98%
what is one of the five things in existence the colt cant kill lucifer
98%
half brothers name adam
96%
dean is the true vessel for who michael
95%
what is the true identity of the trickster gabriel
91%
prophet of the lord chuck
83%
female reaper tessa
64%
what was the second horseman sam and dean met famine
63%
angel who wants dean to say yes to michael zachariah
55%
his ^ pseudonym carver edlund
38%
what does dean find sexy about dr sexy md cowboy boots
37%
what was the name of sams dog bones
22%
No matching quizzes found
Score Distribution
Percent of People with Each Score
Percentile by Number Answered
Your Score History
You have not taken this quiz